000 00247nam a2200097Ia 4500
001 724832
005 20250826163357.0
008 250824s9999 xx 000 0 und d
245 0 _aBİR YILBAŞI HİKAYESİ
_cBUKET UZUNER
260 _bEVEREST YAYINLARI
999 _c724832
_d724832